Unique Quintessence Of General Studies Paper- I 2014 (Record no. 336340)

MARC details
000 -LEADER
fixed length control field 00536nam a2200169Ia 4500
008 - FIXED-LENGTH DATA ELEMENTS--GENERAL INFORMATION
fixed length control field 230718s9999 xx 000 0 und d
020 ## - INTERNATIONAL STANDARD BOOK NUMBER
International Standard Book Number 9788183577922
041 ## - LANGUAGE CODE
Language code of text/sound track or separate title eng
082 ## - DEWEY DECIMAL CLASSIFICATION NUMBER
Classification number 372.126
Item number CHO
100 ## - MAIN ENTRY--PERSONAL NAME
Personal name Chopra J.K. (Editor)
245 ## - TITLE STATEMENT
Title Unique Quintessence Of General Studies Paper- I 2014
Remainder of title For UPSC Civil Services Preliminary Examination
260 ## - PUBLICATION, DISTRIBUTION, ETC. (IMPRINT)
Date of publication, distribution, etc. 2014
Name of publisher, distributor, etc. Unique Publishers
300 ## - PHYSICAL DESCRIPTION
Extent 1824
365 ## - TRADE PRICE
Currency code Rs.
Price amount 1350.00
700 ## - ADDED ENTRY--PERSONAL NAME
Personal name Chopra J.K. (Editor)
906 ## - LOCAL DATA ELEMENT F, LDF (RLIN)
d O:0391205-Jun-2014B:IN 6916-Apr-2014
c GENRL
b 270
Holdings
Withdrawn status Lost status Damaged status Not for loan Home library Current library Date acquired Vendor Budget Code Cost, normal purchase price Bill number Total Checkouts Full call number Barcode Date last seen Discount Cost, replacement price Bill Date Koha item type Original Barcode
        Cummins College of Engineering for Women Pune Cummins College of Engineering for Women Pune 05/06/2014 Pradeep Book Distributors GENRL 1080.00 IN 69   372.126 CCEP-BK-47547 18/07/2023 270 1350.00 16/04/2014 Books 047547